[Event "Montigny le Bretonneux op 22nd"]
[Site "Montigny le Bretonneux"]
[Date "2023.12.28"]
[Round "4"]
[White "Artieres, Michel"]
[Black "Kvashyna, Tetyana"]
[Result "0-1"]
[WhiteElo "1665"]
[BlackElo "1708"]
[PlyCount "82"]
[EventDate "2023.12.27"]
[EventType "swiss"]
[EventRounds "7"]
[EventCountry "FRA"]
[SourceTitle "CB06_2024"]
[SourceDate "2024.02.07"]
[SourceVersion "1"]
[SourceVersionDate "2024.02.07"]
[SourceQuality "1"]

1. e4 e5 2. Nf3 Nc6 3. Bb5 a6 4. Ba4 Nf6 5. Qe2 d6 6. c3 b5 7. Bc2 Be7 8. 0-0 Bg4 9. h3 Bh5 10. Rd1 Qc8 11. d3 0-0 12. Nbd2 h6 13. Nf1 Re8 14. Ng3 Bg6 15. b4 Nh5 16. Bb3 Nxg3 17. fxg3 Nd8 18. g4 Ne6 19. g3 c5 20. Be3 Bf6 21. Rac1 Qd8 22. Bd5 Rb8 23. h4 Qe7 24. Kg2 Rec8 25. Rh1 Rc7 26. g5 hxg5 27. Bxe6 Qxe6 28. hxg5 Be7 29. Rh2 f6 30. Nh4 fxg5 31. Nxg6 Qxg6 32. Rch1 Rcc8 33. bxc5 dxc5 34. Qg4 Rf8 35. Rh8+ Kf7 36. R8h5 Ke8 37. Rh8 Qf7 38. Rxf8+ Bxf8 39. Qxg5 Qxa2+ 40. Bf2 Rb7 41. Qg6+ Rf7 0-1

[Event "Montigny le Bretonneux op 20th"]
[Site "Montigny le Bretonneux"]
[Date "2022.10.22"]
[Round "1"]
[White "Kvashyna, Tetyana"]
[Black "Alata, Aurelien"]
[Result "0-1"]
[WhiteElo "1677"]
[BlackElo "1306"]
[PlyCount "98"]
[EventDate "2022.10.22"]
[EventType "swiss"]
[EventRounds "9"]
[EventCountry "FRA"]
[SourceTitle "EXT 2024"]
[Source "ChessBase"]
[SourceDate "2023.10.10"]
[SourceVersion "1"]
[SourceVersionDate "2023.10.10"]
[SourceQuality "1"]

1. d4 Nf6 2. Nf3 e6 3. e3 Be7 4. Bd3 b6 5. Nbd2 Bb7 6. 0-0 0-0 7. b3 Nc6 8. a3 Re8 9. Bb2 d5 10. Rc1 a5 11. Bb5 Nd7 12. Qe2 Na7 13. Bd3 Bf6 14. Ne5 Nxe5 15. dxe5 Be7 16. f4 Bf8 17. Rf3 g6 18. Rh3 c5 19. Nf3 Bg7 20. Ng5 h6 21. Nf3 Bc6 22. c4 Rb8 23. cxd5 Bxd5 24. Rd1 Qe7 25. Bc2 b5 26. e4 Bc6 27. f5 exf5 28. exf5 f6 29. e6 g5 30. Rg3 Rbd8 31. Nd2 Nc8 32. Ne4 Nd6 33. Nxd6 Rxd6 34. Rgd3 Red8 35. Rxd6 Rxd6 36. Rxd6 Qxd6 37. Bd3 b4 38. Bc4 Kf8 39. a4 Ke7 40. Bc1 Qe5 41. Qf2 Kd6 42. Be3 Bf8 43. h4 Kc7 44. hxg5 hxg5 45. Bd3 Bd6 46. g4 Qd5 47. Qe2 Bg3 48. Kf1 Qh1+ 49. Bg1 Qh3+ 0-1

[Event "Montigny le Bretonneux op 19th"]
[Site "Montigny le Bretonneux"]
[Date "2021.10.25"]
[Round "3"]
[White "Roy, Alain1111"]
[Black "Kvashyna, Tetyana"]
[Result "0-1"]
[WhiteElo "1836"]
[BlackElo "1762"]
[PlyCount "34"]
[EventDate "2021.10.23"]
[EventType "swiss"]
[EventRounds "7"]
[EventCountry "FRA"]
[SourceTitle "CBM 204 Extra"]
[Source "ChessBase"]
[SourceDate "2021.11.30"]
[SourceVersion "1"]
[SourceVersionDate "2021.11.30"]
[SourceQuality "1"]

1. Nf3 d5 2. c4 e6 3. g3 b6 4. Bg2 Bb7 5. 0-0 c6 6. d3 Nf6 7. Nbd2 Be7 8. e4 0-0 9. cxd5 cxd5 10. e5 Nfd7 11. d4 Nc6 12. Nb3 Rc8 13. h4 Nb4 14. Kh2 Ba6 15. Rh1 Rc2 16. Bf1 Rxf2+ 17. Kg1 Rxf1+ 0-1

[Event "Montigny le Bretonneux op 19th"]
[Site "Montigny le Bretonneux"]
[Date "2021.10.23"]
[Round "1"]
[White "Marival, Fred"]
[Black "Kvashyna, Tetyana"]
[Result "0-1"]
[WhiteElo "1420"]
[BlackElo "1762"]
[PlyCount "94"]
[EventDate "2021.10.23"]
[EventType "swiss"]
[EventRounds "7"]
[EventCountry "FRA"]
[SourceTitle "CBM 204 Extra"]
[Source "ChessBase"]
[SourceDate "2021.11.30"]
[SourceVersion "1"]
[SourceVersionDate "2021.11.30"]
[SourceQuality "1"]

1. e4 e5 2. Nf3 Nc6 3. Bb5 a6 4. Ba4 Nf6 5. 0-0 Be7 6. Re1 b5 7. Bb3 d6 8. c3 0-0 9. d4 Bg4 10. h3 Bxf3 11. Qxf3 exd4 12. Qd1 dxc3 13. Nxc3 Ne5 14. Bc2 c5 15. Nd5 Nxd5 16. Qxd5 Qb6 17. b3 c4 18. Be3 Qc7 19. f4 Nc6 20. Bd2 Bf6 21. Rac1 Bb2 22. Rb1 c3 23. Be3 Nb4 24. Qd1 Nxa2 25. Bd4 Nb4 26. e5 Nxc2 27. Qxc2 Rac8 28. exd6 Qxd6 29. Be3 Rfe8 30. Rbd1 Qg6 31. f5 Qg3 32. Bf2 Rxe1+ 33. Rxe1 Qc7 34. Bd4 Ba3 35. Kh1 Bd6 36. Re3 b4 37. Re4 a5 38. Rg4 Be5 39. f6 g6 40. Re4 Bxd4 41. Rxd4 Qe5 42. Rd7 Qxf6 43. Ra7 Qf1+ 44. Kh2 Qf4+ 45. Kg1 Qe3+ 46. Qf2 Qxf2+ 47. Kxf2 c2 0-1

[Event "Hauts de Seine-ch"]
[Site "Issy les Moulineaux"]
[Date "2013.06.15"]
[Round "2"]
[White "Dimarucut, Francis Erik"]
[Black "Kvashyna, Tetyana"]
[Result "1-0"]
[WhiteElo "2155"]
[BlackElo "1926"]
[PlyCount "85"]
[EventDate "2013.06.15"]
[EventType "swiss"]
[EventRounds "5"]
[EventCountry "FRA"]
[SourceTitle "EXT 2015"]
[Source "ChessBase"]
[SourceDate "2014.11.20"]
[SourceVersion "1"]
[SourceVersionDate "2014.11.20"]
[SourceQuality "1"]

1. e4 e5 2. Bc4 Nc6 3. Nc3 Nf6 4. d3 Bb4 5. Nge2 d5 6. exd5 Nxd5 7. a3 Nxc3 8. Nxc3 Ba5 9. 0-0 a6 10. Ne4 0-0 11. Qh5 Qd7 12. Be3 Qg4 13. Qxg4 Bxg4 14. Bd5 Rfe8 15. f4 Be6 16. Bxe6 Rxe6 17. f5 Ree8 18. Kf2 Nd4 19. Bxd4 exd4 20. b4 Bb6 21. Rfe1 Re5 22. g4 f6 23. Rab1 a5 24. Nc5 axb4 25. axb4 Rxe1 26. Kxe1 Bxc5 27. bxc5 Ra5 28. Rxb7 Rxc5 29. Kd2 h6 30. Rb8+ Kh7 31. Rd8 h5 32. h3 hxg4 33. hxg4 Kh6 34. Rxd4 Kg5 35. Re4 Re5 36. Rxe5 fxe5 37. Ke3 Kxg4 38. Ke4 Kg3 39. Kxe5 Kf3 40. d4 c6 41. c4 Ke3 42. d5 cxd5 43. cxd5 1-0

[Event "Syre Memorial op 36th"]
[Site "Issy les Moulineaux"]
[Date "2013.05.09"]
[Round "3"]
[White "Debray, Christopher"]
[Black "Kvashyna, Tetyana"]
[Result "1-0"]
[WhiteElo "2356"]
[BlackElo "1912"]
[PlyCount "39"]
[EventDate "2013.05.08"]
[EventType "swiss"]
[EventRounds "7"]
[EventCountry "FRA"]
[SourceTitle "EXT 2015"]
[Source "ChessBase"]
[SourceDate "2014.11.20"]
[SourceVersion "1"]
[SourceVersionDate "2014.11.20"]
[SourceQuality "1"]

1. e4 e5 2. Nf3 Nc6 3. Bc4 Bc5 4. c3 Nf6 5. d4 exd4 6. cxd4 Bb4+ 7. Nc3 Nxe4 8. 0-0 Bxc3 9. d5 Bf6 10. Re1 Ne7 11. Rxe4 d6 12. g4 h6 13. g5 hxg5 14. Bxg5 Bf5 15. Re3 Qd7 16. Qe2 Bh3 17. Kh1 0-0-0 18. Bxf6 gxf6 19. Rxe7 Rdg8 20. Rg1 1-0

[Event "Angers op 8th"]
[Site "Angers"]
[Date "2013.05.03"]
[Round "1"]
[White "Martin, Frederic"]
[Black "Kvashyna, Tetyana"]
[Result "0-1"]
[WhiteElo "1628"]
[BlackElo "1912"]
[PlyCount "40"]
[EventDate "2013.05.03"]
[EventType "swiss"]
[EventRounds "6"]
[EventCountry "FRA"]
[SourceTitle "CBM 154 Extra"]
[Source "ChessBase"]
[SourceDate "2013.06.25"]
[SourceVersion "2"]
[SourceVersionDate "2013.06.25"]
[SourceQuality "1"]

1. c4 e6 2. Nc3 d5 3. e3 Nf6 4. b3 b6 5. cxd5 exd5 6. Nf3 Bb7 7. Bb5+ c6 8. Be2 Nbd7 9. 0-0 Bd6 10. Bb2 0-0 11. Qc2 Re8 12. Rfe1 Rc8 13. Bf1 c5 14. d4 Ne4 15. Rac1 cxd4 16. Nxd4 Bb4 17. Nde2 Ndf6 18. Qd3 a6 19. a3 Bd6 20. Nd4 Bxh2+ 0-1

[Event "Paris-ch op-B 87th"]
[Site "Paris"]
[Date "2012.07.10"]
[Round "4"]
[White "Aron Samuel, Emmanuel"]
[Black "Kvashyna, Tetyana"]
[Result "0-1"]
[WhiteElo "1842"]
[BlackElo "1875"]
[PlyCount "84"]
[EventDate "2012.07.07"]
[EventType "swiss"]
[EventRounds "9"]
[EventCountry "FRA"]
[SourceTitle "EXT 2013"]
[Source "ChessBase"]
[SourceDate "2012.11.22"]
[SourceVersion "1"]
[SourceVersionDate "2012.11.22"]
[SourceQuality "1"]

1. c4 e6 2. Nc3 d5 3. d4 c6 4. Nf3 Nf6 5. e3 Bd6 6. Qc2 Nbd7 7. g4 Nxg4 8. Rg1 Nxh2 9. Nxh2 Bxh2 10. Rxg7 Nf6 11. Bd2 Bd6 12. Bd3 h5 13. 0-0-0 Bf8 14. Rgg1 Bh6 15. e4 Bxd2+ 16. Qxd2 dxe4 17. Nxe4 Qxd4 18. Qb4 Nxe4 19. Bxe4 Qxe4 20. Qd6 Qh4 21. Rd4 Qe7 22. Qe5 f6 23. Qg3 Qh7 24. Qd6 Bd7 25. Qc7 e5 26. Re1 Bf5 27. Qa5 b6 28. Rxe5+ fxe5 29. Qxe5+ Kf7 30. Rf4 Kg8 31. Rxf5 Qh6+ 32. f4 Rh7 33. Rf6 Qg7 34. Qd6 Qg1+ 35. Kc2 Qf2+ 36. Kc3 Qe3+ 37. Kc2 Qe4+ 38. Kc1 Rg7 39. Re6 Qh1+ 40. Kc2 Rg2+ 41. Kb3 Qh3+ 42. Ka4 Qf5 0-1

[Event "Paris-ch op-B 87th"]
[Site "Paris"]
[Date "2012.07.08"]
[Round "2"]
[White "Maubert, Nicolas"]
[Black "Kvashyna, Tetyana"]
[Result "1-0"]
[WhiteElo "2010"]
[BlackElo "1875"]
[PlyCount "103"]
[EventDate "2012.07.07"]
[EventType "swiss"]
[EventRounds "9"]
[EventCountry "FRA"]
[SourceTitle "EXT 2013"]
[Source "ChessBase"]
[SourceDate "2012.11.22"]
[SourceVersion "1"]
[SourceVersionDate "2012.11.22"]
[SourceQuality "1"]

1. Nf3 d5 2. c4 e6 3. d4 c6 4. Qc2 Nf6 5. g3 Bb4+ 6. Bd2 Bxd2+ 7. Nbxd2 Nbd7 8. Bg2 0-0 9. 0-0 b6 10. e4 Nxe4 11. Nxe4 dxe4 12. Qxe4 Bb7 13. b4 Rc8 14. Rfd1 Ba6 15. Rac1 Qe7 16. a3 Rfd8 17. Ne5 Nxe5 18. dxe5 Rc7 19. Bf3 g6 20. Qf4 Rxd1+ 21. Rxd1 Kg7 22. h4 h5 23. Rd6 c5 24. b5 Bb7 25. Bc6 Bc8 26. a4 Bb7 27. Qe4 Bc8 28. Qf4 Bb7 29. Kf1 f6 30. Rxe6 Qxe6 31. exf6+ Kg8 32. Qxc7 Qxc4+ 33. Kg1 Qf7 34. Qxb7 Qxb7 35. Bxb7 Kf7 36. Kf1 Kxf6 37. Ke2 g5 38. hxg5+ Kxg5 39. Bc8 Kf6 40. f4 Ke7 41. Kd3 Kf6 42. Kc4 Ke7 43. Bf5 Kf6 44. Bh7 Kg7 45. Be4 Kh6 46. Kd5 h4 47. gxh4 Kh5 48. Kc6 Kxh4 49. Kb7 c4 50. Kxa7 Kg4 51. Kxb6 Kxf4 52. Bh7 1-0

[Event "Paris-ch op-A"]
[Site "Paris"]
[Date "2010.07.11"]
[Round "9"]
[White "Zaky, Tamir"]
[Black "Kvashyna, Tetyana"]
[Result "0-1"]
[WhiteElo "1881"]
[BlackElo "1956"]
[PlyCount "64"]
[EventDate "2010.07.03"]
[EventType "swiss"]
[EventRounds "9"]
[EventCountry "FRA"]
[SourceTitle "CBM 137 Extra"]
[Source "ChessBase"]
[SourceDate "2010.09.01"]
[SourceVersion "1"]
[SourceVersionDate "2010.09.01"]
[SourceQuality "1"]

1. d4 d5 2. Nf3 Nf6 3. g3 Bf5 4. Bg2 h6 5. 0-0 Qc8 6. c4 e6 7. Nc3 c6 8. Re1 Ne4 9. Qa4 Nd7 10. c5 Be7 11. Bf4 g5 12. Bd2 Nxd2 13. Nxd2 0-0 14. e4 dxe4 15. Ncxe4 Nf6 16. Nxf6+ Bxf6 17. Ne4 Be7 18. b4 Qd7 19. Rad1 Rfd8 20. f3 a5 21. bxa5 Qc7 22. Rb1 Rxa5 23. Rxb7 Qxb7 24. Qxa5 Rxd4 25. Nd6 Bxd6 26. Qd8+ Kg7 27. cxd6 Qa7 28. Qc7 Qxa2 29. d7 Qd2 30. Qe5+ f6 31. d8Q Rxd8 32. Qc7+ Rd7 0-1

[Event "Paris-ch op-A"]
[Site "Paris"]
[Date "2010.07.10"]
[Round "8"]
[White "Kvashyna, Tetyana"]
[Black "Ripert, Benjamin"]
[Result "1/2-1/2"]
[WhiteElo "1956"]
[BlackElo "1859"]
[PlyCount "114"]
[EventDate "2010.07.03"]
[EventType "swiss"]
[EventRounds "9"]
[EventCountry "FRA"]
[SourceTitle "CBM 137 Extra"]
[Source "ChessBase"]
[SourceDate "2010.09.01"]
[SourceVersion "1"]
[SourceVersionDate "2010.09.01"]
[SourceQuality "1"]

1. d4 Nf6 2. Nf3 e6 3. e3 d5 4. Bd3 c5 5. c3 Nc6 6. Nbd2 Bd6 7. 0-0 0-0 8. dxc5 Bxc5 9. e4 e5 10. exd5 Nxd5 11. Ne4 Be7 12. Bc4 Nc7 13. Qc2 Be6 14. Neg5 Bxg5 15. Nxg5 g6 16. Nxe6 Nxe6 17. Bxe6 fxe6 18. Qb3 Qe7 19. Bh6 Rf5 20. Be3 b6 21. Rad1 Rc8 22. Rd3 Kg7 23. Rfd1 Rc7 24. Qa4 Rf7 25. Qe4 Qf6 26. Qg4 Ne7 27. Qg5 Qxg5 28. Bxg5 Nd5 29. Bc1 Rcd7 30. c4 Nf6 31. Bg5 Rxd3 32. Bxf6+ Kxf6 33. Rxd3 e4 34. Rd2 Rc7 35. b3 b5 36. Rc2 bxc4 37. bxc4 Ke5 38. Kf1 Rc6 39. Ke2 Kd4 40. Rd2+ Kxc4 41. Ke3 Kc3 42. Rd7 Ra6 43. Rxh7 Rxa2 44. Rg7 Ra1 45. Rc7+ Kb4 46. Kxe4 a5 47. Kd3 a4 48. Rb7+ Kc5 49. Kc2 a3 50. Rf7 Rg1 51. Kb3 Rxg2 52. h3 Kd5 53. Kxa3 Ke4 54. Rf6 e5 55. Kb4 g5 56. Kc4 Rh2 57. f3+ Ke3 1/2-1/2

[Event "Paris-ch op-A"]
[Site "Paris"]
[Date "2010.07.06"]
[Round "4"]
[White "Kieffer, Anatole"]
[Black "Kvashyna, Tetyana"]
[Result "0-1"]
[WhiteElo "1800"]
[BlackElo "1956"]
[PlyCount "72"]
[EventDate "2010.07.03"]
[EventType "swiss"]
[EventRounds "9"]
[EventCountry "FRA"]
[SourceTitle "CBM 137 Extra"]
[Source "ChessBase"]
[SourceDate "2010.09.01"]
[SourceVersion "1"]
[SourceVersionDate "2010.09.01"]
[SourceQuality "1"]

1. e4 e5 2. Nf3 Nc6 3. Bc4 Bc5 4. c3 Nf6 5. d3 d6 6. 0-0 0-0 7. Nbd2 a6 8. Bb3 b5 9. h3 Bb6 10. Re1 Bb7 11. Nf1 Na5 12. Bc2 c5 13. Ng3 Qc7 14. Be3 Nc6 15. a4 d5 16. axb5 axb5 17. Qe2 d4 18. Bd2 b4 19. Nh2 dxc3 20. bxc3 bxc3 21. Bxc3 Nd4 22. Bxd4 cxd4 23. Rac1 Ra2 24. Qd1 Qd6 25. Bb3 Rb2 26. Rb1 Rxb1 27. Qxb1 g6 28. Ne2 Ba6 29. Rf1 Nd7 30. f4 exf4 31. Nxf4 Bc7 32. Ng4 h5 33. e5 Nxe5 34. Nxe5 Qxe5 35. Rf3 Kg7 36. Nd5 Bb7 0-1

[Event "Syre Memorial op 28th"]
[Site "Issy les Moulineaux"]
[Date "2005.05.07"]
[Round "5"]
[White "Kvashyna, Tetyana"]
[Black "Vorobyov, Yurij"]
[Result "0-1"]
[WhiteElo "1876"]
[BlackElo "2249"]
[PlyCount "110"]
[EventDate "2005.05.05"]
[EventType "swiss"]
[EventRounds "6"]
[EventCountry "FRA"]
[SourceTitle "EXT 2007"]
[Source "ChessBase"]
[SourceDate "2006.11.23"]
[SourceVersion "1"]
[SourceVersionDate "2006.11.23"]
[SourceQuality "1"]

1. d4 Nf6 2. Nf3 c5 3. d5 b5 4. Bg5 Qa5+ 5. c3 Bb7 6. Bxf6 exf6 7. e4 Bd6 8. Bd3 0-0 9. 0-0 c4 10. Bc2 Na6 11. Nbd2 Rac8 12. Re1 Rfe8 13. a3 g6 14. Nf1 Qb6 15. Ne3 h5 16. g3 Nc5 17. Ng2 a5 18. Qd2 Kg7 19. Rad1 Ba6 20. Qd4 Be5 21. Nxe5 fxe5 22. Qe3 d6 23. Nh4 Qd8 24. Nf3 Rb8 25. h4 Qb6 26. Rb1 Nd7 27. Qxb6 Rxb6 28. Nd2 Nc5 29. Re3 Reb8 30. b4 cxb3 31. Nxb3 Nxb3 32. Rxb3 Rc8 33. Bd3 a4 34. Rb4 Rxc3 35. Bf1 Rc1 36. Kg2 f5 37. Bd3 fxe4 38. Bxe4 Bc8 39. Bf3 Rb7 40. Be2 Rc5 41. Rd3 Rbc7 42. Rd2 Bd7 43. Rdb2 Rxd5 44. Bxb5 Bxb5 45. Rxb5 Rxb5 46. Rxb5 Rc3 47. Rd5 Rxa3 48. Rxd6 Kf7 49. Ra6 Ra1 50. Kf3 a3 51. Ke2 a2 52. Kf3 Ke7 53. Ra3 Kd6 54. Ke2 e4 55. Ra4 Ke5 0-1

[Event "Paris Apsap op 75th"]
[Site "Paris"]
[Date "2004.09.01"]
[Round "3"]
[White "Kvashyna, Tetyana"]
[Black "Charreteur, Fabrice"]
[Result "1-0"]
[WhiteElo "1896"]
[BlackElo "2062"]
[PlyCount "95"]
[EventDate "2004.09.??"]
[EventType "swiss"]
[EventRounds "9"]
[EventCountry "FRA"]
[SourceTitle "EXT 2006"]
[Source "ChessBase"]
[SourceDate "2005.11.24"]
[SourceVersion "1"]
[SourceVersionDate "2005.11.24"]
[SourceQuality "1"]

1. d4 Nf6 2. Nf3 e6 3. e3 c5 4. b3 Nc6 5. Bb2 d5 6. Bd3 Bd7 7. a3 cxd4 8. exd4 g6 9. 0-0 Bg7 10. Nbd2 0-0 11. Ne5 Ne8 12. Nxd7 Qxd7 13. Nf3 Nc7 14. Re1 Rfe8 15. a4 a6 16. Rb1 b5 17. axb5 Nxb5 18. c3 Nc7 19. Ne5 Nxe5 20. dxe5 Red8 21. Qe2 Rab8 22. b4 Rb6 23. Ra1 Ra8 24. Ra5 Qc8 25. Rea1 Ra7 26. Bc1 d4 27. cxd4 Rxb4 28. Be3 Ra8 29. g3 Qb7 30. Bd2 Rb2 31. Be4 Rxd2 32. Bxb7 Rxe2 33. Bxa8 Nxa8 34. Rxa6 Nc7 35. Rc6 Nb5 36. Ra8+ Bf8 37. Rcc8 Kg7 38. Rxf8 Nxd4 39. Rg8+ Kh6 40. Ra4 Nf3+ 41. Kg2 Nxe5 42. Rh4+ Kg5 43. Kf1 Rc2 44. f4+ Kf5 45. fxe5 Kxe5 46. Rg7 f5 47. Rgxh7 g5 48. Ra4 1-0